Statistics for Game of Thrones Valyrian steel swords

Click here to take the quiz!

General Stats

  • This quiz has been taken 67 times
    (60 since last reset)
  • The average score is 10 of 24

Answer Stats

HousesLast known Owners and Sword names% Correct
Ice
96%
Oathkeeper
85%
Widow's Wail
77%
Longclaw
77%
House LannisterBrienne of Tarth
69%
Heartsbane
67%
House MormontJon Snow
65%
House TarlySamwell Tarly
60%
House StarkTywin Lannister
56%
House DayneSer Arthur Dayne
54%
Dawn
54%
Dark Sister
37%
Blackfyre
33%
House LannisterKing Tommen Baratheon
31%
Lady Forlorn
25%
Brightroar
25%
House TargaryenBryden 'Bloodraven' Rivers
12%
House TargaryenAegor 'Bittersteel' Rivers
12%
Orphan-Maker
10%
Vigilance
10%
House CorbrayLyn Corbray
8%
House LannisterKing Tommen II Lannister
6%
House RoxtonSer John Roxton
2%
House HightowerLord Ormund Hightower
2%

Score Distribution

Percentile by Number Answered

Percent of People with Each Score

Your Score History

You have not taken this quiz since the last reset